Σύντομος ιστορία του Αγίου Όρους : (διάλεξις)
Αποθηκεύτηκε σε:
| Κύριος συγγραφέας: | |
|---|---|
| Μορφή: | Βιβλίο |
| Γλώσσα: | Greek |
| Δημοσίευση: |
Θεσσαλονίκη :
Εταιρεία Μακεδονικών Σπουδών,
1958
|
| Σειρά: | Ίδρυμα Μελετών Χερσονήσου του Αίμου (Εταιρεία Μακεδονικών Σπουδών)
; 23 |
| Θέματα: | |
| Ετικέτες: |
Προσθήκη ετικέτας
Δεν υπάρχουν, Καταχωρήστε ετικέτα πρώτοι!
|
MARC
| LEADER | 00000cam a2200000 i 4500 | ||
|---|---|---|---|
| 001 | 1/99085 | ||
| 008 | 081210s1958 gr | ||| |||| ||gre|| | ||
| 035 | |l 10102327 | ||
| 040 | |a GR-MY-UA |b gre |e aacr | ||
| 041 | 0 | |a gre | |
| 082 | 0 | |a 938.947 | |
| 100 | 1 | |a Θεοχαρίδης, Γεώργιος Ι. | |
| 245 | 1 | 0 | |a Σύντομος ιστορία του Αγίου Όρους : |b (διάλεξις) / |c Γ. Ι. Θεοχαρίδη |
| 260 | |a Θεσσαλονίκη : |b Εταιρεία Μακεδονικών Σπουδών, |c 1958 | ||
| 300 | |a 22 σ.; |c 24 εκ. | ||
| 490 | 1 | |a Εταιρεία Μακεδονικών Σπουδών. Ίδρυμα Μελετών Χερσονήσου του Αίμου |v ; 23 | |
| 651 | 0 | |a Athos (Greece) |x Church history. | |
| 651 | 0 | |a Άγιο Όρος. | |
| 830 | 0 | |a Ίδρυμα Μελετών Χερσονήσου του Αίμου (Εταιρεία Μακεδονικών Σπουδών) |v ; 23 | |
| 852 | |a INST |b RHODES |c AKA |e 20081210 |h 938.947 ΘΕΟ |p 005400031502 |q 005400031502 |t BK |y 0 | ||
| 901 | |a BIBL4-2008-3 | ||
| 909 | |a Ρ |b 156564 | ||
| 970 | |a ΚΟΖΑ |b ΜΑΡΙΑ |z 2008/12/10 | ||